Time and space, weight and inertia a chronogeometrical introduction to Einstein's theory,

Bibliographic Details
Main Author: Fokker, A. D. (Adriaan Daniël), 1887-1972
Corporate Author: ScienceDirect (Online service)
Format: eBook
Language:English
Language Notes:English.
Published: Oxford, New York, Pergamon Press [1965]
Series:International series of monographs in natural philosophy ; v. 2.
Subjects:
Online Access:Connect to the full text of this electronic book

MARC

Tag First Indicator Second Indicator Subfields
LEADER 00000cam a2200000 4500
001 in00005742663
005 20260326174727.7
006 m o d
007 cr bn||||||ada
008 100503s1965 enka ob 000 0 eng d
040 |a OCLCE  |b eng  |e pn  |c OCLCE  |d OCLCQ  |d OCLCF  |d OPELS  |d E7B  |d OCLCQ  |d INARC  |d VLY  |d LUN  |d OCLCQ  |d UAB  |d OCLCO  |d OCLCQ  |d OCLCO  |d OCLCL  |d OCLCQ  |d OCLCL 
019 |a 590694349  |a 655533634  |a 974618185  |a 1151441967  |a 1162350534  |a 1257352180  |a 1503658993 
020 |a 9781483212739  |q (electronic bk.) 
020 |a 1483212734  |q (electronic bk.) 
020 |a 1483226166 
020 |a 9781483226163 
035 |a (OCoLC)610586669  |z (OCoLC)590694349  |z (OCoLC)655533634  |z (OCoLC)974618185  |z (OCoLC)1151441967  |z (OCoLC)1162350534  |z (OCoLC)1257352180  |z (OCoLC)1503658993 
041 1 |a eng  |h dut 
042 |a dlr 
050 4 |a QC6  |b .F5813 1965 
082 0 4 |a 530.11 
084 |a 33.21  |2 bcl 
049 |a TXAM 
100 1 |a Fokker, A. D.  |q (Adriaan Daniël),  |d 1887-1972.  |1 https://id.oclc.org/worldcat/entity/E39PBJcWvtPRWfmtdyPFBV74MP 
240 1 0 |a Tijd en ruimte, traagheid er zwaarte.  |l English 
245 1 0 |a Time and space, weight and inertia  |b a chronogeometrical introduction to Einstein's theory,  |c by A.D. Fokker. Translated by D. Bijl. Translation edited by D. Field. 
260 |a Oxford,  |a New York,  |b Pergamon Press  |c [1965] 
300 |a 1 online resource (xv, 188 pages)  |b illustrations 
336 |a text  |b txt  |2 rdacontent 
337 |a computer  |b c  |2 rdamedia 
338 |a online resource  |b cr  |2 rdacarrier 
490 1 |a International series of monographs in natural philosophy ;  |v v. 2 
504 |a Includes bibliographical references (page 183). 
538 |a Master and use copy. Digital master created according to Benchmark for Faithful Digital Reproductions of Monographs and Serials, Version 1. Digital Library Federation, December 2002.  |u http://purl.oclc.org/DLF/benchrepro0212  |5 MiAaHDL 
583 1 |a digitized  |c 2010  |h HathiTrust Digital Library  |l committed to preserve  |2 pda  |5 MiAaHDL 
588 0 |a Print version record. 
546 |a English. 
650 0 |a Relativity (Physics) 
650 6 |a Relativité (Physique) 
650 7 |a Relativity (Physics)  |2 fast 
650 1 7 |a Ruimte-tijd-theorie.  |2 gtt 
650 1 7 |a Relativiteitstheorie.  |2 gtt 
650 7 |a Space and time.  |2 nli 
650 7 |a Relativity (Physics)  |2 nli 
650 7 |a Relativité (physique)  |2 ram 
650 7 |a Espace et temps.  |2 ram 
650 7 |a Gravitation.  |2 ram 
655 7 |a Electronic books.  |2 local 
710 2 |a ScienceDirect (Online service) 
776 0 8 |i Print version:  |a Fokker, A.D. (Adriaan Daniël), 1887-  |s Tijd en ruimte, traagheid er zwaarte. English.  |t Time and space, weight and inertia.  |d Oxford, New York, Pergamon Press [1965]  |w (DLC) 65017952  |w (OCoLC)1297450 
776 1 |c Original  |w (DLC) 65017952   |w (OCoLC)1297450 
830 0 |a International series of monographs in natural philosophy ;  |v v. 2. 
856 4 0 |u http://proxy.library.tamu.edu/login?url=https://www.sciencedirect.com/science/book/9781483212739  |z Connect to the full text of this electronic book  |t 0 
955 |a Elsevier ScienceDirect 2026-2027 
994 |a 92  |b TXA 
999 f f |i d1f6c173-1070-4489-8a2a-1eecda879d18  |s b1605529-540c-4787-9ace-f08f0bea8bb3  |t 0 
952 f f |a Texas A&M University  |b College Station  |c Electronic Resources  |s www_evans  |d Available Online  |t 0  |e QC6 .F5813 1965  |h Library of Congress classification 
998 f f |a QC6 .F5813 1965  |t 0  |l Available Online